[Event "Moscow op-B 04th"]
[Site "Moscow"]
[Date "2008.02.05"]
[Round "4"]
[White "Shapoval Grimal, Carlos Felipe"]
[Black "Forlano, Luigi"]
[Result "1-0"]
[WhiteElo "2267"]
[BlackElo "2000"]
[PlyCount "47"]
[EventDate "2008.02.02"]
[EventType "swiss"]
[EventRounds "9"]
[EventCountry "RUS"]
[SourceTitle "CBM 122 Extra"]
[Source "ChessBase"]
[SourceDate "2008.03.04"]
[SourceVersion "1"]
[SourceVersionDate "2008.03.04"]
[SourceQuality "1"]

1. Nf3 d5 2. g3 b6 3. Bg2 Bb7 4. 0-0 e6 5. d3 Nf6 6. b3 Be7 7. Bb2 Nbd7 8. Nbd2 0-0 9. e3 c5 10. c4 dxc4 11. dxc4 Qc7 12. Qc2 Rad8 13. Rfe1 Rfe8 14. e4 e5 15. Nb1 Nxe4 16. Rxe4 f5 17. Re1 e4 18. Nfd2 Bg5 19. Nf1 Ne5 20. Bxe5 Qxe5 21. Nc3 Rd3 22. Qxd3 Bf6 23. Rac1 exd3 24. Rxe5 1-0

[Event "Moscow op-B 04th"]
[Site "Moscow"]
[Date "2008.02.02"]
[Round "1"]
[White "Romanov, Vasily"]
[Black "Shapoval Grimal, Carlos Felipe"]
[Result "1-0"]
[WhiteElo "2012"]
[BlackElo "2267"]
[PlyCount "100"]
[EventDate "2008.02.02"]
[EventType "swiss"]
[EventRounds "9"]
[EventCountry "RUS"]
[SourceTitle "CBM 122 Extra"]
[Source "ChessBase"]
[SourceDate "2008.03.04"]
[SourceVersion "1"]
[SourceVersionDate "2008.03.04"]
[SourceQuality "1"]

1. e4 c5 2. Nf3 Nc6 3. d4 cxd4 4. Nxd4 Nf6 5. Nc3 e5 6. Ndb5 d6 7. Bg5 a6 8. Na3 b5 9. Nd5 Be7 10. Bxf6 Bxf6 11. c4 b4 12. Nc2 a5 13. g3 0-0 14. h4 Rb8 15. b3 g6 16. Bh3 Bg7 17. Bxc8 Qxc8 18. g4 f5 19. g5 fxe4 20. Nce3 Rb7 21. Qb1 Nd4 22. Qxe4 Nf3+ 23. Kd1 Rbf7 24. Ng4 Qc5 25. Rh3 Rf4 26. Nxf4 Rxf4 27. Qa8+ Rf8 28. Qd5+ Qxd5+ 29. cxd5 Rf4 30. Rg3 Nxh4 31. Ke2 Re4+ 32. Ne3 Nf5 33. Rg4 Rf4 34. Rgg1 e4 35. Rac1 Bc3 36. Rg4 Rxg4 37. Nxg4 Nd4+ 38. Ke3 Nf3 39. Nf6+ Bxf6 40. gxf6 Kf7 41. Kxe4 Ng5+ 42. Kf4 Kxf6 43. Rc6 Nf7 44. Ra6 g5+ 45. Ke4 h5 46. Rxa5 h4 47. Kf3 Ne5+ 48. Kg2 g4 49. Ra6 Kf5 50. Rxd6 Ke4 1-0